| 000 | 01323nam a2200325 i 4500 | ||
|---|---|---|---|
| 001 | 182510 | ||
| 003 | ES-MaACL | ||
| 005 | 20250729035309.0 | ||
| 008 | 130910s2010 sp a | |||||||| | spa d | ||
| 020 | _a978-84-362-6077-9 | ||
| 080 | _a5/6:371.671"18" | ||
| 080 | _a575.8.01(460)"18" | ||
| 080 | _a575.8.01(410.1)"18" | ||
| 100 | 1 |
_aHernández Laille, Margarita. _9153382 |
|
| 245 | 1 | 0 |
_aDarwinismo y manuales escolares en España e Inglaterra en el siglo XIX (1870-1902) / _cMargarita Hernández Laille ; prólogo de Diego Núñez. |
| 260 |
_aMadrid : _bUniversidad Nacional de Educación a Distancia, _c2010. |
||
| 300 |
_a467 p. ; _c24 cm. |
||
| 490 | 1 |
_aCT / UNED ; _v002. _aSerie "Proyecto Manes" |
|
| 500 | _aIncluye apéndice documental. | ||
| 504 | _aBibliografía: p. 365-401. | ||
| 650 | 7 |
_aCiencias- _xLibros de texto _2 _9162876 |
|
| 650 | 4 |
_aEvolucionismo- _zEspaña- _vHistoria. _9153383 |
|
| 650 | 4 |
_aEvolucionismo- _zInglaterra- _vHistoria. _9153384 |
|
| 700 | 1 |
_aNúñez, Diego. _986147 |
|
| 830 | 0 |
_aCT / UNED ; _v002. _aSerie "Proyecto Manes" _9224842 |
|
| 852 |
_aES-MaACL _jA-12894 _9189422 _bR.149706 _cDEPO1 _dOlim: N-5894 _xDonación: Margarita Hernández Laille |
||
| 903 |
_9153382 _aHernández Laille, Margarita _ednr |
||
| 942 |
_2udc _cMONOGRAFIA |
||
| 999 |
_c182510 _d182510 |
||